Statistics for 高速 - 平方根

Click here to take the quiz!

General Stats

  • This quiz has been taken 593 times
  • The average score is 17 of 20

Answer Stats

問題回答% Correct
93
95%
164
94%
12111
93%
11
92%
14412
92%
19614
92%
90030
92%
648
91%
42
90%
497
90%
819
90%
10010
89%
22515
89%
44121
89%
160040
89%
255
89%
40020
88%
360060
88%
250050
87%
366
87%
16913
86%
28917
86%
67626
86%
25616
85%
48422
85%
62525
85%
32418
81%
36119
81%
102432
81%
108933
80%
270452
80%
324957
80%
52923
79%
78428
79%
84129
79%
96131
78%
115634
78%
122535
78%
57624
77%
72927
77%
152139
77%
202545
77%
220947
77%
230448
77%
184943
76%
302555
76%
336458
76%
136937
75%
193644
75%
129636
74%
168141
74%
176442
74%
211646
74%
348159
74%
280953
73%
144438
72%
240149
71%
260151
70%
291654
70%
313656
69%

Score Distribution

Percentile by Number Answered

Percent of People with Each Score

Your Score History

You have not taken this quiz